| 000 | 01378nam a22003257a 4500 | ||
|---|---|---|---|
| 003 | EG-ScBUE | ||
| 005 | 20220306133148.0 | ||
| 008 | 220306s2021 ua f b 000 0dara d | ||
| 017 | _a2021 / 7407 | ||
| 020 | _a9789777953177 | ||
| 040 |
_aEG-ScBUE _bara _erda _cEG-ScBUE _dEG-ScBUE |
||
| 043 | _af-ua--- | ||
| 082 | 0 | 4 |
_222 _a303.380962 _bش و م |
| 100 | 1 |
_aشومان، محمد، _eمؤلف. |
|
| 245 | 1 | 2 |
_aالصورة النمطية وتضليل الرأي العام : _bقراءة نقدية في كتاب الرأي العام لوالتر ليبمان / _cد. محمد شومان، أستاذ الإعلام والعميد المؤسس لكلية الإعلام بالجامعة البريطانية بمصر. |
| 250 | _aالطبعة الأولى. | ||
| 264 | 1 |
_aالقاهرة : _bالدار المصرية اللبنانية، _c2021. |
|
| 300 |
_a228 صفحة ؛ _c24 سم. |
||
| 336 |
_2rdacontent _aنص _btxt |
||
| 337 |
_2rdamedia _aبدون وسيط _bn |
||
| 338 |
_2rdacarrier _aمجلد _bnc |
||
| 490 | 0 | _aالمكتبة الإعلامية | |
| 504 | _aيشتمل على إرجاعات ببليوجرافية. | ||
| 541 | _aBook Fair 2022. | ||
| 600 | 1 | 7 |
_aليبمان، والتر، _d1889-1974. _2BUEsh |
| 650 | 7 |
_aالرأي العام _zمصر. _2BUEsh |
|
| 653 |
_bGGEN _cMarch2022 |
||
| 655 |
_vReading book _934232 |
||
| 942 | _2ddc | ||
| 999 |
_c29856 _d29827 |
||